| 000 | 00503nam a22001575i 4500 | ||
|---|---|---|---|
| 001 | 53309 | ||
| 003 | ES-MaACL | ||
| 007 | t| | ||
| 008 | 950921s1900 fr ||||1| fre d | ||
| 040 |
_aCAM _bspa _cCAM |
||
| 100 | 1 |
_aErcilla y Zúñiga, Alonso de. _947364 |
|
| 245 | 1 | 2 |
_aL'Araucana _b: poème épique / _cde Alonso de Ercilla y Zúñiga. |
| 260 |
_aParis : _bGarnier fréres, _c1900 ( _fimp. Bolbacii) |
||
| 300 |
_a[4], XC, [2], 343 p., [1] h. de map. pleg. ; _c18 cm. |
||
| 852 |
_aES-MaACL _jG-15898 |
||
| 999 |
_c53309 _d53309 |
||